Elemental Words - Countries Edition - Statistics

General Stats
  • This quiz has been taken 282 times
    281 since last reset
  • The average score is 11 of 12
Answer Stats
Elements Combined Answer % Correct
Iodine + Radium + Nitrogen Iran
99%
Neon + Phosphorus + Aluminium Nepal
99%
Beryllium + Lanthanum + Ruthenium + Sulfur Belarus
97%
Polonium + Lanthanum + Neodymium Poland
97%
Carbon + Hydrogen + Iodine + Sodium China
96%
Fluorine + Radium + Nitrogen + Cerium France
96%
Bromine + Uranium + Neon + Iodine Brunei
95%
Argon + Germanium + Nitrogen + Titanium + Sodium Argentina
94%
Lanthanum + Osmium Laos
94%
Silicon + Nitrogen + Gallium + Polonium + Rhenium Singapore
93%
Uranium + Nickel + Tellurium + Darmstadtium + Tantalum + Tellurium + Sulfur United States
87%
Protactinium + Lanthanum + Uranium Palau
86%
No matching quizzes found
Score Distribution
Percent of People with Each Score
Percentile by Number Answered
Your Score History
You have not taken this quiz since the last reset